000 00329nam a22001457a 4500
008 221121b ||||| |||| 00| 0 eng d
020 _a2900078022547
041 _aeng
080 _2TWELFTH EDITION
_a615.83
082 _a615.83HAM
100 _a16.2
101 _aEGZ
245 _aKINESIOLOGY
_cHAMILTON N
942 _2udc
_cBK
999 _c58989
_d58989